000 00462nam a2200181Ia 4500
001 24481
005 20260414151046.0
008 260414t2005||||xx |||||||||||||| ||spa||
041 _aESP
082 _a345.7C4
_bR75
100 _aRodríguez Domínguez, Elvito A. [1942-...]
_eAUT
245 0 _aManual de derecho procesal civil
_b
260 _c2005
300 _axxx, 833 páginas :
_c24 cm.
650 _aDER
654 _aCDE
942 _cLIB
_dJUS
_fJUS
_2ddc
_n
999 _c24481
_d24481